Crabbe on legislative drafting (Record no. 6556)

MARC details
000 -LEADER
fixed length control field 01180cam a2200385 i 4500
001 - CONTROL NUMBER
control field ocn971130112
003 - CONTROL NUMBER IDENTIFIER
control field TZ-ArACH
005 - DATE AND TIME OF LATEST TRANSACTION
control field 20220318151935.0
008 - FIXED-LENGTH DATA ELEMENTS--GENERAL INFORMATION
fixed length control field 161007s2008 sa b 001 0 eng
010 ## - LIBRARY OF CONGRESS CONTROL NUMBER
LC control number 2016468044
020 ## - INTERNATIONAL STANDARD BOOK NUMBER
International Standard Book Number 9780409045260
020 ## - INTERNATIONAL STANDARD BOOK NUMBER
International Standard Book Number 0409045268
035 ## - SYSTEM CONTROL NUMBER
System control number (OCoLC)971130112
040 ## - CATALOGING SOURCE
Original cataloging agency DLC
Language of cataloging eng
Description conventions rda
Transcribing agency TZ-ArACH
042 ## - AUTHENTICATION CODE
Authentication code pcc
043 ## - GEOGRAPHIC AREA CODE
Geographic area code b------
049 ## - LOCAL HOLDINGS (OCLC)
Holding library TZAA
050 00 - LIBRARY OF CONGRESS CALL NUMBER
Classification number K103
Item number .C73 2008
100 1# - MAIN ENTRY--PERSONAL NAME
Personal name Crabbe, V. C. R. A. C.,
Dates associated with a name 1923-
Relator term author.
240 10 - UNIFORM TITLE
Uniform title <a href="Legislative drafting">Legislative drafting</a>
245 10 - TITLE STATEMENT
Title Crabbe on legislative drafting
Statement of responsibility, etc V.C.R.A.C. Crabbe.
250 ## - EDITION STATEMENT
Edition statement 2nd edition.
260 ## - PUBLICATION, DISTRIBUTION, ETC. (IMPRINT)
Place of publication, distribution, etc Durban :
Name of publisher, distributor, etc Lexis Nexis,
Date of publication, distribution, etc [2008]
300 ## - PHYSICAL DESCRIPTION
Extent xxx, 272 pages ;
Dimensions 24 cm
500 ## - GENERAL NOTE
General note Revision of the author's Legislative drafting.
504 ## - BIBLIOGRAPHY, ETC. NOTE
Bibliography, etc Includes bibliographical references and index.
650 #0 - SUBJECT ADDED ENTRY--TOPICAL TERM
Topical term or geographic name as entry element Bill drafting
Geographic subdivision Commonwealth countries.
650 #0 - SUBJECT ADDED ENTRY--TOPICAL TERM
Topical term or geographic name as entry element Law
Geographic subdivision Commonwealth countries
General subdivision Language.
650 #0 - SUBJECT ADDED ENTRY--TOPICAL TERM
Topical term or geographic name as entry element Legal composition.
650 #7 - SUBJECT ADDED ENTRY--TOPICAL TERM
Topical term or geographic name as entry element Bill drafting.
Source of heading or term fast
650 #7 - SUBJECT ADDED ENTRY--TOPICAL TERM
Topical term or geographic name as entry element Law
General subdivision Language.
Source of heading or term fast
650 #7 - SUBJECT ADDED ENTRY--TOPICAL TERM
Topical term or geographic name as entry element Legal composition.
Source of heading or term fast
651 #7 - SUBJECT ADDED ENTRY--GEOGRAPHIC NAME
Geographic name Commonwealth countries.
Source of heading or term fast
9 (RLIN) 15329
942 ## - ADDED ENTRY ELEMENTS (KOHA)
Source of classification or shelving scheme Library of Congress Classification
Koha item type Books
Holdings
Home library Current library Date acquired Full call number Barcode Koha item type
African Court on Human and Peoples' Rights Library African Court on Human and Peoples' Rights Library 18/03/2022 K103 .C73 2008 10194665 Books

African Court on Human and Peoples' Rights | For Inquiries Contact » +255 272 510 510